|
|
|
|
| LEADER |
00000naa a2200000uu 4500 |
| 001 |
vtls011054934 |
| 003 |
SK-MaSNL |
| 005 |
20260302115435.0 |
| 008 |
220810|2001 xo |||||||||||||||||cze| |
| 015 |
|
|
|a SNBRA
|
| 035 |
|
|
|a (urnnbn)urn:nbn:sk:snk:ar-a0bxt5
|
| 035 |
|
|
|a (uuid)a3431d85-3521-4ec3-8cea-3651e9cc9c64
|
| 035 |
|
|
|a urn:nbn:sk:snk-aav4ho
|
| 040 |
|
|
|a SNKBUCL
|b slo
|c SNKBUCL
|e AACR2
|
| 041 |
0 |
|
|a cze
|
| 044 |
|
|
|a xo
|c SK
|
| 100 |
1 |
|
|a Čížek, Pavel
|4 aut
|9 790951
|
| 245 |
1 |
0 |
|a STROPNÍ DESKY S PREFABRIKOVANÝMI HLAVICEMI
|c Pavel Čížek
|
| 773 |
0 |
|
|t Monolitické a montované betónové nosné konštrukcie stropov a striech
|d Bratislava : Slovenská technická univerzita, 2001
|g S. 16-19
|z 8022715875
|
| 954 |
|
|
|a odborná, vedecká literatúra cudzojazyčná (svetová)
|2 lita
|
| 958 |
|
|
|a OND
|
| 958 |
|
|
|a article12
|
| 958 |
|
|
|a chapter
|
| 999 |
|
|
|c 1264708
|d 1266638
|